[Event "1st Alimini Village Open"]
[Site "Otranto ITA"]
[Date "2011.05.22"]
[Round "2"]
[White "Altini,N"]
[Black "Quaranta,C"]
[Result "1/2-1/2"]
[WhiteElo "2206"]
[BlackElo "2110"]

1.Nf3 d5 2.c4 e6 3.g3 Nf6 4.Bg2 Be7 5.O-O O-O 6.d4 c6 7.Ne5 Nbd7 8.Nxd7 Qxd7
9.Qc2 b6 10.cxd5 cxd5 11.Nc3 Bb7 12.Bf4 Rac8 13.Qd3 Rfd8 14.Rac1 h6 15.h3 Ne4
16.Nxe4 dxe4 17.Bxe4 Bxe4 18.Qxe4 Rxc1 19.Rxc1 Qxd4 20.Qxd4 Rxd4 21.Rc8+ Rd8
22.Rc7 Bf6 23.b4 Rd1+ 24.Kg2 Rb1 25.a3 Rb3 26.Rxa7 Bb2 27.Rb7 Bxa3 28.Bd6 Rb2
29.Rxb6 Rxe2 30.Ra6 Rd2 31.Ra8+ Kh7 32.Rxa3 Rxd6 33.Kf3 Kg6 34.Ke4 Kf6 35.b5 Ke7
36.Rb3 f5+ 37.Ke3 e5 38.b6 Rd8 39.b7 Rb8 40.Rb6 Kd8 41.Rb5 Kd7 42.f4 Kc6
43.Rxe5 Rxb7 44.Rxf5 Kd6 45.Kf3 Ke6 46.Kg4 Rb3 47.Ra5 Kf6 48.Ra6+ Kf7 49.Kh4 Rf3
50.Kg4 Rb3 51.Ra5 Kf6 52.h4 Rc3 53.Rf5+ Ke6 54.Rb5 Kf6 55.Rb6+ Kf7 56.h5 Rc5
57.Rg6 Ra5 58.f5 Ra4+ 59.Kh3 Ra3 60.f6 gxf6 61.Rxh6 Ra5 62.g4 Rg5 63.Rh7+ Kg8
64.Ra7 f5 65.gxf5 Rxf5 66.Kg4 Rb5 67.h6 Kh8 68.h7 Rg5+ 69.Kxg5  1/2-1/2

[Event "3rd Kahraman Olgac Memorial"]
[Site "Izmir TUR"]
[Date "2011.05.23"]
[Round "2.1.5"]
[White "Yakovich,Yur"]
[Black "Yildiz,B"]
[Result "1-0"]
[WhiteElo "2537"]
[BlackElo "2219"]

1.Nf3 d5 2.c4 d4 3.g3 c5 4.b4 cxb4 5.a3 b3 6.Bg2 Nc6 7.O-O e5 8.d3 Nf6 9.Bg5 Be7
10.Nbd2 b2 11.Ra2 Nd7 12.Bxe7 Qxe7 13.Ne1 O-O 14.Nc2 Nb6 15.Nb4 Nxb4 16.axb4 Qxb4
17.Qc2 Qe7 18.Qxb2 Nd7 19.Nb3 a6 20.f4 f6 21.Qa3 Qxa3 22.Rxa3 g6 23.c5 Rb8
24.Rc1 Re8 25.fxe5 fxe5 26.Na5 Nf6 27.Rb3 Bg4 28.Bxb7 Bxe2 29.c6 Nd5 30.c7 Rxb7  1-0

[Event "XXVI Felix Cup"]
[Site "Baile Felix ROU"]
[Date "2011.05.24"]
[Round "7.6"]
[White "Helmer,J"]
[Black "Miron,I"]
[Result "1-0"]
[WhiteElo "2196"]
[BlackElo "2145"]

1.Nf3 d5 2.c4 e6 3.g3 Nf6 4.Bg2 Be7 5.O-O d4 6.b4 O-O 7.Bb2 Bxb4 8.Nxd4 c5
9.Nc2 Ba5 10.d3 Nc6 11.Nd2 Qe7 12.Nb3 Bc7 13.a4 Be5 14.Bxe5 Nxe5 15.Qd2 Rb8
16.a5 b5 17.axb6 axb6 18.Qc3 Qd6 19.Rfd1 Bb7 20.Bxb7 Rxb7 21.Na3 Nc6 22.Nb5 Qe7
23.d4 cxd4 24.N3xd4 Nxd4 25.Rxd4 e5 26.Rdd1 Rd7 27.Rxd7 Nxd7 28.Ra7 Qe6 29.Nc7 Qd6
30.Nd5 Rc8 31.Qd3 Rd8 32.Qb3 h6 33.Qb5 Nf6 34.Nxf6+ Qxf6 35.Rb7 Rd6 36.Kg2 Qf5
37.Qe8+ Kh7 38.Qxf7 Qxf7  1-0

[Event "ch-Siberia Men"]
[Site "Barnaul RUS"]
[Date "2011.05.24"]
[Round "5"]
[White "Dashiev,K"]
[Black "Puraev,A"]
[Result "0-1"]
[WhiteElo "2115"]
[BlackElo "2220"]

1.Nf3 d5 2.c4 e6 3.d4 Nf6 4.Nc3 Be7 5.Bg5 O-O 6.e3 h6 7.Bh4 Ne4 8.Bg3 c5
9.Bd3 cxd4 10.exd4 Nxg3 11.hxg3 Nc6 12.c5 b6 13.Bb5 Qc7 14.Qa4 Bd7 15.b4 a5
16.Bxc6 axb4 17.Qxb4 bxc5 18.dxc5 Bxc6 19.O-O Rfb8 20.Qd4 Bf6 21.Qd2 Bb5
22.Rfc1 Bc4 23.Rab1 Rxb1 24.Rxb1 Qxc5 25.g4 Qa5 26.Nd4 Qa7 27.Ndb5 Qc5 28.a3 Bg5
29.Qd1 Bh4 30.Qf3 Bf6 31.g3 e5 32.Qf5 Qc6 33.a4 g6 34.Qf3 e4 35.Qf4 Bd3 36.Rb3 Kg7
37.Nd6 Rd8 38.Ncb5 Bxb5 39.Nxb5 Qc4 40.Rb1 Qxa4 41.Nc7 Qc6 42.Rc1 Qd7 43.Na6 Bg5  0-1

[Event "1st Alimini Village Open"]
[Site "Alimini ITA"]
[Date "2011.05.25"]
[Round "6"]
[White "Prakken,G"]
[Black "Shytaj,L"]
[Result "0-1"]
[WhiteElo "2212"]
[BlackElo "2494"]

1.Nf3 d5 2.c4 d4 3.g3 g6 4.Bg2 Bg7 5.O-O e5 6.d3 Ne7 7.e3 dxe3 8.fxe3 O-O
9.Nc3 Nbc6 10.a3 Bf5 11.e4 Bg4 12.h3 Bxf3 13.Rxf3 Nd4 14.Rf2 c6 15.Be3 Qd6
16.b4 Rad8 17.Raa2 a6 18.Na4 Qc7 19.Nc5 Kh8 20.Rf1 Ng8 21.Nb3 Bh6 22.Bf2 f6
23.h4 Ne7 24.Bh3 b6 25.c5 b5 26.Kg2 f5 27.Nxd4 exd4 28.Qf3 Bg7 29.Re2 fxe4
30.Qxe4 Nf5 31.Bxf5 Rxf5 32.Qe7 Qc8 33.Rfe1 Rdf8 34.Qe4 Re5 35.Qxe5 Bxe5
36.Rxe5 Qg4 37.R1e2 Qf3+ 38.Kh2 Qxd3 39.Re8 Rxe8 40.Rxe8+ Kg7 41.Kg2 Qc2  0-1

[Event "Zonal 3.3"]
[Site "Tagaytay City PHI"]
[Date "2011.05.25"]
[Round "2"]
[White "Nguyen Van Huy"]
[Black "Zhang Zhong"]
[Result "1-0"]
[WhiteElo "2454"]
[BlackElo "2592"]

1.Nf3 d5 2.c4 e6 3.g3 c6 4.b3 Nf6 5.Bg2 Nbd7 6.O-O Bd6 7.Bb2 O-O 8.d4 Ne4
9.Ne5 f5 10.f3 Ng5 11.f4 Ne4 12.Bxe4 dxe4 13.Ba3 Bxa3 14.Nxa3 Qa5 15.Nc2 c5
16.Nxd7 Bxd7 17.dxc5 Qxc5+ 18.Qd4 Qxd4+ 19.Nxd4 Rae8 20.e3 e5 21.Ne2 exf4
22.gxf4 Re6 23.Rfd1 Be8 24.Rd5 Bh5 25.Nd4 Rg6+ 26.Kf2 Bg4 27.h4 b6 28.b4 Rc8
29.c5 bxc5 30.Rxc5 Rd8 31.Rac1 Bh3 32.R1c2 Rg2+ 33.Ke1 Rg1+ 34.Kd2 Bg4 35.Rc7 a6
36.Kc3 Rb1 37.Kc4 Re8 38.Kc5 Rh1 39.Kd6 Rxh4 40.Ne6 Kh8 41.Rc8 Rg8 42.Ke7  1-0

[Event "ch-Siberia Women"]
[Site "Barnaul RUS"]
[Date "2011.05.27"]
[Round "8"]
[White "Kharashuta,E"]
[Black "Novikova,A"]
[Result "1-0"]
[WhiteElo "2274"]
[BlackElo "2272"]

1.Nf3 d5 2.c4 d4 3.e3 c5 4.exd4 cxd4 5.g3 Nc6 6.Bg2 e5 7.O-O Be6 8.Re1 f6
9.d3 Qd7 10.Bd2 a5 11.Na3 Bc5 12.Nb5 Nge7 13.a3 O-O 14.b3 Nc8 15.Rb1 Re8
16.Qc2 Bf8 17.h4 N8a7 18.Nxa7 Rxa7 19.b4 axb4 20.axb4 Rea8 21.b5 Nd8 22.Bc1 Ra2
23.Rb2 R2a3 24.Nd2 Bf7 25.Ne4 Ne6 26.c5 Rc8 27.c6 bxc6 28.bxc6 Qe8 29.f4 Ra6
30.Nf2 exf4 31.Bxf4 Qd8 32.c7 Qd7 33.Bb7 Nxf4 34.Bxc8 Qxc8 35.Rb8  1-0

[Event "30th NAO Open"]
[Site "Stillwater USA"]
[Date "2011.05.28"]
[Round "6.1"]
[White "Coleman,M"]
[Black "Yermolinsky,A"]
[Result "0-1"]
[WhiteElo "2200"]
[BlackElo "2530"]

1.Nf3 d5 2.c4 e6 3.g3 Nf6 4.Bg2 dxc4 5.Qa4+ Nbd7 6.Qxc4 c5 7.Qc2 b6 8.O-O Bb7
9.Nc3 Be7 10.d4 cxd4 11.Nxd4 Bxg2 12.Kxg2 Qc8 13.Kg1 O-O 14.Rd1 Qb7 15.Bf4 a6
16.Nf3 Rac8 17.Ne5 Nxe5 18.Bxe5 b5 19.a3 Ng4 20.Bf4 Bc5 21.Rf1 Qb6 22.e4 e5
23.Bc1 Bd4 24.Qe2 Bxc3 25.bxc3 Nf6 26.a4 Rxc3 27.axb5 Qxb5 28.Qxb5 axb5 29.Bb2 Rc2
30.Bxe5 Nxe4 31.Rfc1 Rxc1+ 32.Rxc1 f6 33.Bf4 g5 34.Be3 Rb8 35.f3 Nd6 36.Bd4 Kf7
37.Rc7+ Ke6 38.Rxh7 b4 39.Rh6 Rf8 40.Rh7 b3 41.Rc7 Nb5 42.Rc6+ Kd5 43.Rxf6 Rxf6
44.Bxf6 Nd4  0-1

[Event "e2e4 Sunningdale Open"]
[Site "Ascot ENG"]
[Date "2011.05.29"]
[Round "4"]
[White "Taylor,Adam A"]
[Black "Dupre,P"]
[Result "0-1"]
[WhiteElo "1821"]
[BlackElo "2050"]

1.Nf3 d5 2.c4 c6 3.b3 Nf6 4.g3 g6 5.Bg2 Bg7 6.Bb2 O-O 7.O-O Bf5 8.d3 a5 9.Nbd2 Re8
10.Re1 Qb6 11.Qc2 Nbd7 12.Rac1 a4 13.e4 axb3 14.axb3 dxe4 15.dxe4 Nxe4 16.Nxe4 Ra2
17.Rb1 Nc5 18.Nh4 Bxe4 19.Bxe4 Qb4 20.Re3 Bd4 21.Bxd4 Rxc2 22.Bxc2 Qd2 23.Bxc5 Qxc2
24.Rbe1 e6 25.Bb6 Ra8 26.Ng2 Ra3 27.c5 Rxb3 28.Rxb3 Qxb3 29.Ra1 e5 30.Ne3 f5
31.Ra8+ Kg7 32.Ra7 Qf7 33.Ba5 f4 34.Ng4 Qf5 35.Rxb7+ Kf8 36.Rb8+ Ke7 37.Rb7+ Ke6
38.Nh6 Qh3 39.Nf7 h6 40.Nd8+ Kd5 41.Rb3 e4  0-1

[Event "3rd Orissa Open"]
[Site "Bhubaneswar IND"]
[Date "2011.05.29"]
[Round "3"]
[White "Suvrajit,S"]
[Black "Malakar,P"]
[Result "1-0"]
[WhiteElo "2370"]
[BlackElo "1967"]

1.Nf3 d5 2.c4 Nf6 3.cxd5 Qxd5 4.Nc3 Qd8 5.d4 e6 6.e4 Be7 7.Be3 O-O 8.h3 b6
9.Bd3 Bb7 10.Qc2 Ba6 11.Rd1 Bxd3 12.Rxd3 a6 13.O-O Nc6 14.a3 Rc8 15.Rfd1 Qd7
16.d5 exd5 17.e5 Ne8 18.Nxd5 Nd6 19.Qxc6  1-0

[Event "30th NAO Open"]
[Site "Stillwater USA"]
[Date "2011.05.29"]
[Round "9.3"]
[White "Coleman,M"]
[Black "Wawrzaszek,J"]
[Result "1-0"]
[WhiteElo "2200"]
[BlackElo "1987"]

1.Nf3 d5 2.c4 c6 3.g3 Nf6 4.Bg2 e6 5.b3 Nbd7 6.O-O b6 7.Bb2 Be7 8.d4 O-O
9.Nbd2 Bb7 10.Qc2 Rc8 11.Rad1 Qc7 12.Qb1 c5 13.dxc5 Bxc5 14.Qa1 Bd6 15.cxd5 exd5
16.Nd4 a6 17.N2f3 Rfe8 18.Rc1 Qb8 19.Rxc8 Qxc8 20.Rc1 Qa8 21.a3 Nc5 22.b4 Nce4
23.Nf5 Bf8 24.Bd4 Bc8 25.Nh6+ gxh6 26.Bxf6 Nxf6 27.Qxf6 Qb8 28.Nd4 Bg7 29.Qc6 Be6
30.Nxe6 fxe6 31.Bh3 Bb2 32.Bxe6+ Kh8 33.Rc2 Bg7 34.Bxd5 Qe5 35.Bf3 h5 36.Qd7 h6
37.Rc8 Rxc8 38.Qxc8+ Kh7 39.Qxa6  1-0

[Event "29th Liechtenstein Open"]
[Site "Triesen LIE"]
[Date "2011.05.29"]
[Round "3.16"]
[White "Sarmir,M"]
[Black "Peredy,F"]
[Result "1-0"]
[WhiteElo "2031"]
[BlackElo "2179"]

1.Nf3 d5 2.c4 dxc4 3.e3 Nf6 4.Bxc4 a6 5.O-O e6 6.d4 b5 7.Bd3 Bb7 8.b3 c5
9.Bb2 Nbd7 10.Nbd2 Be7 11.Rc1 O-O 12.Bb1 Rc8 13.Qe2 Re8 14.Ng5 Nf8 15.dxc5 Rxc5
16.Rxc5 Bxc5 17.Rd1 Be7 18.Ndf3 Nd5 19.Nxf7 Kxf7 20.Ne5+ Kg8 21.Qh5 g6 22.Nxg6 Bf6
23.Nxf8 Bxb2 24.Nxh7 Qe7 25.Qg6+ Kh8 26.Ng5 Rf8 27.Qh6+ Kg8 28.Bh7+ Kh8 29.Bf5+ Kg8
30.Bxe6+  1-0

[Event "Chicago Open"]
[Site "Wheeling USA"]
[Date "2011.05.30"]
[Round "9"]
[White "Sadorra,J"]
[Black "Mulyar,M"]
[Result "1-0"]
[WhiteElo "2498"]
[BlackElo "2399"]

1.Nf3 d5 2.c4 c6 3.g3 Nf6 4.Bg2 g6 5.b3 Bg7 6.Bb2 O-O 7.O-O Bg4 8.d4 Bxf3
9.Bxf3 e6 10.Nd2 Nbd7 11.Qc2 Qb6 12.Rab1 Rfe8 13.Rfc1 Rad8 14.e3 a5 15.a3 Bf8
16.b4 axb4 17.axb4 Qxb4 18.Bc3 Qa3 19.Rb3 Qa8 20.Ra1 Qb8 21.c5 e5 22.Qb2 exd4
23.exd4 Re6 24.Rxb7 Qc8 25.Raa7 Rde8 26.Rc7 Qb8 27.Rab7 Qd8 28.Nb3 Nb8 29.Ba5  1-0

[Event "TCh-FRA Top 12 2011"]
[Site "Mulhouse FRA"]
[Date "2011.05.31"]
[Round "6"]
[White "Delchev,A"]
[Black "Varga,P1"]
[Result "1-0"]
[WhiteElo "2619"]
[BlackElo "2411"]

1.Nf3 d5 2.c4 c6 3.e3 Nf6 4.Nc3 g6 5.d4 Bg7 6.Be2 O-O 7.O-O b6 8.b3 Bb7 9.Qc2 e6
10.Ba3 Re8 11.Rac1 Nbd7 12.Rfd1 Qb8 13.cxd5 exd5 14.Bf1 h6 15.g3 Ne4 16.Nxe4 Rxe4
17.Bg2 Re8 18.Ne1 Qd8 19.Nd3 Rc8 20.Bb2 h5 21.Rd2 Qe7 22.Qd1 Qd6 23.Rdc2 f5
24.Qd2 Kf7 25.a4 h4 26.b4 hxg3 27.hxg3 Bf8 28.b5 cxb5 29.axb5 a5 30.bxa6 Bxa6
31.Ne5+ Kg7 32.Rc6 Rxc6 33.Rxc6 Nxe5 34.Rxd6 Nc4 35.Rd7+  1-0

[Event "ch-UZB Major"]
[Site "Tashkent UZB"]
[Date "2011.05.31"]
[Round "11"]
[White "Kvon,A"]
[Black "Gubaydulin,T"]
[Result "1-0"]
[WhiteElo "2459"]
[BlackElo "2301"]

1.Nf3 d5 2.c4 e6 3.e3 Nf6 4.Nc3 c6 5.Qc2 Nbd7 6.b3 Bd6 7.Bb2 O-O 8.Be2 b6
9.cxd5 cxd5 10.Nb5 Bc5 11.a3 a6 12.Nbd4 Bb7 13.b4 Bd6 14.O-O Rc8 15.Qd1 e5
16.Nf5 Bb8 17.d3 g6 18.Ng3 Qe7 19.Qd2 Ne8 20.Rfc1 Ng7 21.Rxc8 Rxc8 22.Rc1 Rd8
23.Bd1 Ne6 24.Bb3 Ng5 25.Nxg5 Qxg5 26.Rf1 Qe7 27.f4 Kg7 28.Qf2 Rf8 29.Ne2 f6
30.Qf3 Qd6 31.Nc3 Rc8 32.Nxd5 exf4 33.Nxf6 Bxf3 34.Ne8+ Kh6 35.Nxd6 Bxd6
36.Rxf3 g5 37.exf4 Bxf4 38.Bf7 Be5 39.d4 Bd6 40.Be6 Rd8 41.d5 Be5 42.Bc1 Bf6
43.Bxd7  1-0

[Event "IV Sudety Open"]
[Site "Szklarska Poreba POL"]
[Date "2011.06.02"]
[Round "6"]
[White "Goluch,P"]
[Black "Zeberski,J"]
[Result "1/2-1/2"]
[WhiteElo "2124"]
[BlackElo "2395"]

1.Nf3 d5 2.c4 e6 3.g3 Nf6 4.Bg2 Be7 5.O-O O-O 6.b3 b6 7.Bb2 Bb7 8.cxd5 Nxd5
9.d4 c5 10.Nbd2 Nc6 11.dxc5 Bxc5  1/2-1/2

[Event "IV Sudety Open"]
[Site "Szklarska Poreba POL"]
[Date "2011.06.02"]
[Round "6"]
[White "Ufimtsev,E"]
[Black "Siwiec,A"]
[Result "1/2-1/2"]
[WhiteElo "1863"]
[BlackElo "2123"]

1.Nf3 d5 2.c4 c6 3.d4 Nf6 4.Qb3 g6 5.Nc3 Bg7 6.g3 O-O 7.Bg2 Na6 8.O-O Nc7
9.Bf4 dxc4 10.Qxc4 Ncd5 11.Be5 Nxc3 12.bxc3 Be6 13.Qd3 Bf5 14.Qc4 Be6 15.Qd3  1/2-1/2

[Event "TCh-BUL GpA Men"]
[Site "Albena BUL"]
[Date "2011.06.03"]
[Round "2.1"]
[White "Marholev,D"]
[Black "Gochev,M"]
[Result "1/2-1/2"]
[WhiteElo "2369"]
[BlackElo "2284"]

1.Nf3 d5 2.c4 e6 3.d4 c5 4.cxd5 exd5 5.g3 Nc6 6.Bg2 Nf6 7.O-O Be7 8.Nc3 O-O
9.dxc5 Bxc5 10.Bg5 d4 11.Bxf6 Qxf6 12.Ne4 Qe7 13.Nxc5 Qxc5 14.Ne1 Bf5 15.Nd3 Qb6
16.Qd2 Rad8 17.Rac1 Rfe8 18.Rfe1 Be4 19.Bxe4 Rxe4 20.Nc5 Ree8 21.a3 h6 22.b4 Qb5
23.Qd3 Qxd3 24.Nxd3 Ne5 25.Kf1 Nxd3 26.exd3 Rxe1+ 27.Kxe1 Rd7 28.Kd2 f5 29.Rc8+ Kf7
30.Rc5 Kf6 31.h4  1/2-1/2

[Event "3rd Orissa Open"]
[Site "Bhubaneswar IND"]
[Date "2011.06.03"]
[Round "8"]
[White "Gupta,Ab"]
[Black "Grover,S"]
[Result "1/2-1/2"]
[WhiteElo "2604"]
[BlackElo "2485"]

1.Nf3 d5 2.c4 e6 3.g3 Nf6 4.Bg2 dxc4 5.Na3 Bxa3 6.bxa3 b5 7.a4 a6 8.Rb1 Bb7
9.Ba3 Be4 10.Rb2 Nbd7 11.d3 cxd3 12.exd3 Bd5 13.d4 Nb6 14.Rc2 Nc4 15.Bb4 a5
16.Bc5 b4 17.O-O Nb6 18.Rc1 Nbd7 19.Qc2 Ne4 20.Nd2 Nexc5 21.dxc5 O-O 22.Rfd1 Qe7
23.Nb3 Nf6 24.Qe2 Rfd8 25.c6 Bxg2 26.Rxd8+ Qxd8 27.Kxg2  1/2-1/2

[Event "6th Metropolitan Invitational"]
[Site "Los Angeles USA"]
[Date "2011.06.03"]
[Round "4"]
[White "Taylor,T"]
[Black "Gupta,Ank"]
[Result "1-0"]
[WhiteElo "2296"]
[BlackElo "2273"]

1.Nf3 d5 2.c4 dxc4 3.e4 c5 4.Bxc4 Nc6 5.O-O g6 6.Nc3 Bg7 7.Re1 a6 8.h3 b5
9.Bf1 e5 10.d3 Nge7 11.Be3 Nd4 12.Rc1 Qd6 13.Nd5 Nxd5 14.exd5 O-O 15.Nd2 f5
16.Nb3 f4 17.Bxd4 cxd4 18.Be2 Bb7 19.Bf3 Rac8 20.Qd2 Bxd5 21.Bxd5+ Qxd5 22.Qa5 Qd6
23.Nd2 Rc6 24.Ne4 Qd5 25.b4 f3 26.g3 Rfc8 27.Rc5 Qe6 28.Kh2 Bf8 29.Ng5 Qf5
30.Rexe5 Qxd3 31.Rxc6 Qd2 32.Ne4 Qd1 33.Rxc8  1-0

[Event "TCh-SLO"]
[Site "Maribor SLO"]
[Date "2011.06.03"]
[Round "4"]
[White "Novak,Ks"]
[Black "Sitnik,I"]
[Result "1-0"]
[WhiteElo "2101"]
[BlackElo "2238"]

1.Nf3 d5 2.c4 e6 3.g3 Nf6 4.Bg2 Be7 5.O-O O-O 6.b3 b6 7.Bb2 Bb7 8.e3 c5 9.Nc3 Nbd7
10.Qe2 Rc8 11.Ne1 Qc7 12.f4 dxc4 13.bxc4 Bxg2 14.Nxg2 Rfd8 15.f5 Nf8 16.Nf4 Qd7
17.Rad1 exf5 18.Ncd5 Nxd5 19.Nxd5 Ng6 20.Qh5 b5 21.Rxf5 Bf8 22.Rdf1 bxc4
23.e4 Qb7 24.Bc3 Rd7 25.h4 Re8 26.Qg4 h5 27.Rxh5 Qc8 28.Rg5 Rd6 29.Qf3 Qe6
30.h5 Be7 31.hxg6 Bxg5 32.gxf7+ Kh7 33.Qh5+  1-0

[Event "3rd Orissa Open"]
[Site "Bhubaneswar IND"]
[Date "2011.06.06"]
[Round "11"]
[White "Rahman,Zia"]
[Black "Saptarshi,R"]
[Result "1/2-1/2"]
[WhiteElo "2534"]
[BlackElo "2377"]

1.Nf3 d5 2.c4 e6 3.d4 c6 4.e3 Bd6 5.Bd3 f5 6.O-O Nf6 7.b3 Qe7 8.Bb2 O-O 9.Qc1 b6
10.Ba3 Bb7 11.Bxd6 Qxd6 12.Nc3 Nbd7 13.Rd1 Rac8 14.Qb2 Qe7 15.b4 c5 16.bxc5 dxc4
17.Bxc4 Bxf3 18.gxf3 bxc5 19.Qa3 f4 20.e4 Nh5 21.Kh1 Kh8 22.Ba6 Rce8 23.Ne2 Qh4
24.Bb5 Rb8 25.Bxd7 Qxf2 26.Rf1 Qxe2 27.Rae1 Qd2 28.Rd1 Qe2 29.Rde1 Qd2 30.Rd1  1/2-1/2

[Event "TCh-BIH 2011"]
[Site "Neum BIH"]
[Date "2011.06.06"]
[Round "3.2"]
[White "Bejtovic,J"]
[Black "Mrkonjic,N"]
[Result "1-0"]
[WhiteElo "2413"]
[BlackElo "2359"]

1.Nf3 d5 2.c4 c6 3.e3 Nf6 4.Nc3 e6 5.Qc2 Bd6 6.b3 O-O 7.Bb2 Qe7 8.h3 Nbd7
9.g4 Ne5 10.Nxe5 Bxe5 11.Bd3 g6 12.O-O-O a6 13.g5 Nd7 14.h4 b5 15.cxd5 cxd5
16.f4 Bg7 17.Ne2 Bxb2+ 18.Qxb2 Bb7 19.Nd4 Rfc8+ 20.Kb1 Rc7 21.h5 e5 22.fxe5 Nxe5
23.Bc2 Bc8 24.h6 Bg4 25.Rdg1 f5 26.gxf6 Qxf6 27.Rf1 Qe7 28.Rf4 Rf8 29.Rg1 g5
30.Rxf8+ Kxf8 31.Bf5 Bxf5+ 32.Nxf5 Qf6 33.Rf1 Rf7 34.Qd4 Qe6 35.e4 dxe4 36.Qd8+ Qe8
37.Qxe8+ Kxe8 38.Nd6+ Ke7 39.Nxf7 Nxf7 40.Re1 Kf6 41.Rxe4 Nxh6 42.d4 g4 43.d5 Kf5
44.Re1 Nf7 45.Rf1+ Kg6 46.Kc2 h5 47.Kd3 g3 48.Ke3 h4 49.Rf4 Ne5 50.Rf8 Nf7
51.Kf3 Kg7 52.Re8 Kf6 53.Kg2 Kf5 54.Rf8 Kf6 55.d6 Kg7 56.Ra8 Nxd6 57.Rxa6 Nf5
58.Re6 Kf7 59.Re4 Nd6 60.Rxh4 Ke6 61.a4 bxa4 62.bxa4 Kd5 63.Rb4 Nc4 64.a5  1-0

[Event "Zonal 3.4 Men"]
[Site "Tashkent UZB"]
[Date "2011.06.09"]
[Round "2.9"]
[White "Temirov,B"]
[Black "Aripov,I"]
[Result "1-0"]
[WhiteElo "2320"]
[BlackElo "2104"]

1.Nf3 d5 2.c4 c6 3.e3 Nf6 4.Nc3 e6 5.Qc2 Nbd7 6.b3 Bd6 7.Bb2 O-O 8.Be2 a6
9.Rg1 b5 10.g4 bxc4 11.bxc4 Rb8 12.g5 Ne4 13.Nxe4 dxe4 14.Nd4 Rxb2 15.Qxb2 c5
16.Qa3 Qc7 17.Nb3 Bxh2 18.Rh1 Be5 19.O-O-O g6 20.Rh4 Bb7 21.Rdh1 Bg7 22.Rxh7 Qe5
23.Rxg7+ Kxg7 24.Qb2 Rc8 25.Kc2 Qxb2+ 26.Kxb2 Bc6 27.Kc3 Ba4 28.Na5 Rb8 29.Bd1 Bxd1
30.Rxd1 Ne5 31.d4 exd3 32.f4 Nd7 33.Nc6 Rc8 34.Rxd3 Rxc6 35.Rxd7 Kf8 36.Kd3 Rb6
37.Rc7 Rb2 38.Rxc5 Rxa2 39.Rc8+ Ke7 40.Ra8 Ra3+ 41.Kd4 Ra1 42.Ra7+ Ke8 43.e4 a5
44.c5 a4 45.Ke5 a3 46.Kf6 Rf1 47.Ra8+ Kd7 48.Kxf7 Rxf4+ 49.Kxg6 Rf3 50.Ra6 Rc3
51.Kf6 Rxc5 52.Rxa3 Rc1 53.Ra7+ Kd6 54.e5+ Kd5 55.Rd7+ Ke4 56.g6 Rf1+ 57.Kxe6 Rg1
58.g7 Rg3 59.Ra7 Kd4 60.Kf7 Rf3+ 61.Ke8 Rg3 62.Kf8  1-0

[Event "TCh-BIH 2011"]
[Site "Neum BIH"]
[Date "2011.06.10"]
[Round "7.1"]
[White "Tadic,Br"]
[Black "Pikula,D"]
[Result "1/2-1/2"]
[WhiteElo "2493"]
[BlackElo "2531"]

1.Nf3 d5 2.c4 c6 3.d4 Nf6 4.Qc2 dxc4 5.Qxc4 Bf5 6.g3 e6 7.Bg2 Nbd7 8.O-O Be7
9.Nc3 O-O 10.Re1 Bg6 11.e4 b5 12.Qxc6 b4 13.e5 bxc3 14.exf6 Nxf6 15.bxc3 Rc8
16.Qa6 Rxc3 17.Ne5 Qb6 18.Qxb6 axb6 19.d5 Bc5 20.dxe6 fxe6 21.Nxg6 hxg6  1/2-1/2

[Event "TCh-BIH 2011"]
[Site "Neum BIH"]
[Date "2011.06.10"]
[Round "7.5"]
[White "Ragger,M"]
[Black "Brenjo,S"]
[Result "0-1"]
[WhiteElo "2674"]
[BlackElo "2521"]

1.Nf3 d5 2.c4 e6 3.g3 c5 4.cxd5 exd5 5.d4 Nc6 6.Bg2 Nf6 7.O-O Be7 8.Nc3 O-O
9.dxc5 Bxc5 10.Na4 Be7 11.Be3 Re8 12.Rc1 Bg4 13.Bc5 Qd7 14.Re1 Rad8 15.Nd4 Ne5
16.Qb3 Nc4 17.Bxe7 Qxe7 18.Nc3 Nd2 19.Qa4 Nfe4 20.Nxe4 dxe4 21.Nc2 Qe5 22.Ne3 Be6
23.Red1 b5 24.Qa5 Qxb2 25.Nf1 b4 26.Bxe4 Bh3 27.Nxd2 Rxd2 28.Bd3 g6 29.Qxa7 Qxa2
30.Qb7 Rxd1+ 31.Rxd1 Qa8 32.Qxa8 Rxa8 33.Bc4 Rc8 34.Bd5 Rc2 35.e3 Rb2 36.Bg2 Bg4
37.Rd8+ Kg7 38.h3 Be6 39.Bd5 Rd2 40.e4 b3 41.Rb8 b2 42.Kg2 Kf6 43.Kf3 Bxh3
44.Bc4 Be6 45.Ke3 Rd8  0-1

[Event "14th Iraklio's Open"]
[Site "Athens GRE"]
[Date "2011.06.11"]
[Round "1"]
[White "Syfantos,N"]
[Black "Goumas,I"]
[Result "1/2-1/2"]
[WhiteElo "1824"]
[BlackElo "2235"]

1.Nf3 d5 2.c4 e6 3.b3 Nf6 4.Bb2 Be7 5.g3 O-O 6.Bg2 c6 7.O-O a6 8.d3 Nbd7
9.Nbd2 Qc7 10.Qc2 Re8 11.Rac1 Bf8 12.Qb1 Qa5 13.Bc3 Bb4 14.Bxb4 Qxb4 15.Qb2 Qd6
16.d4 b6 17.Ne5 Bb7 18.Ndf3 h6 19.b4 b5 20.c5 Qc7 21.a3 a5 22.Ra1 Ra7 23.Ra2 Rea8
24.Rfa1 axb4 25.axb4 Qb8 26.Rxa7 Rxa7 27.Ra5 Rxa5 28.bxa5 Qc7 29.Nxd7 Nxd7
30.Qa3 Ba6 31.e3 Qb8 32.Qb4 Qc7 33.Ne1 Bc8 34.Nd3 Nb8 35.Qa3 Na6 36.Bf1 Qb8
37.Qb3 Qc7 38.Qa3 f6 39.f4 Qb8 40.Qb3 Kf7 41.Be2 Ke7 42.Kf2 Qc7 43.Qa3 Bd7
44.Bf1 Kd8 45.Ke1 Kc8 46.Kd1 Kb7 47.Kc2 Be8 48.Kb3 Bg6 49.g4 Bxd3 50.Bxd3 g5
51.fxg5 fxg5 52.Qa2 e5 53.Bf5 Qg7 54.Qd2 exd4 55.exd4 Qe7 56.Qf2 Qc7 57.Qd2 Qe7
58.Qf2 Qd8 59.Qe1 Qc7  1/2-1/2

[Event "Integra NSW Open"]
[Site "Parramatta AUS"]
[Date "2011.06.12"]
[Round "4"]
[White "Ikeda,J"]
[Black "Zhao Zong Yuan"]
[Result "1/2-1/2"]
[WhiteElo "2315"]
[BlackElo "2579"]

1.Nf3 d5 2.c4 d4 3.b4 f6 4.d3 e5 5.a3 a5 6.b5 a4 7.e3 c5 8.g3 Ne7 9.Bg2 Ng6
10.h4 Be7 11.e4 Bg4 12.Qc2 Nd7 13.Nh2 Be6 14.h5 Ngf8 15.Nf3 Qa5+ 16.Bd2 Qc7
17.Bc1 Rg8 18.Nbd2 g5 19.hxg6 hxg6 20.Nf1 g5 21.Bd2 Nb6 22.O-O-O Nc8 23.N3h2 Nd6
24.Bf3 Rh8 25.Rg1 Nxb5 26.cxb5 Bb3 27.Qb2 c4 28.b6 Qc6 29.dxc4 Ra6 30.Be2 Rxb6
31.Bb4 Bxb4 32.axb4 Rxb4 33.Kd2 Nd7 34.Rc1 Nc5 35.Ng4 a3 36.Qa1 a2 37.Ke1 Nxe4
38.Nd2 Nxd2 39.Kxd2 Kf7 40.Bd3 Qf3 41.Be2 Qc6 42.Bd3 e4 43.Qxd4 exd3 44.Rh1 Rxh1
45.Rxh1 Kg7 46.Qxd3 Qxh1 47.Qd7+ Kg6 48.Qe8+ Kg7 49.Qe7+ Kg6 50.Qe8+ Kg7
51.Qe7+ Kg6  1/2-1/2

[Event "DJEM U18 w"]
[Site "Oberhof GER"]
[Date "2011.06.13"]
[Round "3.3"]
[White "Dorn,C"]
[Black "Stark,Sas"]
[Result "1/2-1/2"]
[WhiteElo "1900"]
[BlackElo "2019"]

1.Nf3 d5 2.c4 e6 3.d4 Nf6 4.Nc3 Nbd7 5.Bg5 c6 6.e3 Qa5 7.Nd2 Be7 8.Be2 O-O
9.O-O Re8 10.Bf4 Bb4 11.cxd5 Bxc3 12.Nb3 Qxd5 13.bxc3 e5 14.Bg3 exd4 15.cxd4 Ne4
16.Bf3 Ndf6 17.Nc5 b6 18.Nd3 Bf5 19.Qa4 c5 20.Nf4 Qd7 21.Qxd7 Nxd7 22.dxc5 Ndxc5
23.Rfd1 Rad8 24.Nd5 Nxg3 25.hxg3 Rd7 26.Rd4 Kf8 27.Rad1 Red8  1/2-1/2

[Event "Voronezh FIDE Open"]
[Site "Voronezh RUS"]
[Date "2011.06.14"]
[Round "3.5"]
[White "Kondenko,A"]
[Black "Makarkin,Z"]
[Result "1/2-1/2"]
[WhiteElo "2242"]
[BlackElo "2140"]

1.Nf3 d5 2.c4 c6 3.b3 Nf6 4.Bb2 h6 5.g3 Bf5 6.Bg2 Nbd7 7.O-O e6 8.d3 Be7
9.Nbd2 Qb6 10.cxd5 cxd5 11.e4 dxe4 12.dxe4 Bh7 13.Nc4 Qa6 14.e5 Nd5 15.Nfd2 O-O
16.Ne4 Rad8 17.Qf3 Bxe4 18.Qxe4 Nc5 19.Qe2 Nb6 20.Rfb1 Nxc4 21.bxc4 Nd3 22.Bc1 Nxc1
23.Rxc1 b6 24.Rd1 Bc5 25.Rab1 Qa4 26.Be4 a5 27.Kg2 Rd7 28.Rxd7 Qxd7 29.Rd1 Qc7
30.a4 Rd8 31.f4 Rxd1 32.Qxd1  1/2-1/2

[Event "Zonal 3.4 Men"]
[Site "Tashkent UZB"]
[Date "2011.06.16"]
[Round "9.7"]
[White "Artemenko,O"]
[Black "Aripov,I"]
[Result "0-1"]
[WhiteElo "2297"]
[BlackElo "2104"]

1.Nf3 d5 2.c4 c6 3.e3 Nf6 4.d4 e6 5.Bd3 Nbd7 6.b3 b6 7.Bb2 Bb7 8.O-O Bd6
9.Nbd2 h6 10.Ne5 c5 11.cxd5 exd5 12.Nxd7 Nxd7 13.dxc5 bxc5 14.e4 d4 15.f4 O-O
16.e5 Be7 17.Qg4 Nb6 18.Qf5 g6 19.Qh3 Kh7 20.Ne4 Nd5 21.f5 Bc8 22.g4 gxf5
23.gxf5 Ne3 24.Rf3 Rg8+ 25.Kh1 Qd5 26.Rg1 Rxg1+ 27.Kxg1 Ba6 28.Bb1 Rg8+ 29.Rg3 d3
30.Rxg8 Qxe4 31.f6 Nf5 32.fxe7 Nxe7 33.Qf1 Kxg8 34.Bc3 Nd5 35.Bd2 Qxe5 36.Qg2+ Qg7
37.a3 Qxg2+ 38.Kxg2 c4 39.bxc4 Bxc4 40.Kf2 Kg7 41.Be3 Nxe3 42.Kxe3 Kf6 43.Bxd3 Bxd3
44.Kxd3 Kg5 45.Ke3 Kg4 46.Kf2 a5 47.a4 Kh3 48.Kg1 h5 49.Kh1 f5 50.Kg1 f4
51.Kh1 Kg4 52.Kg2 f3+ 53.Kf1 Kf4 54.Ke1 Ke3 55.Kf1 h4 56.Ke1 f2+ 57.Kf1 Kf3
58.h3 Kg3 59.Ke2 Kg2  0-1

[Event "Voronezh FIDE Open"]
[Site "Voronezh RUS"]
[Date "2011.06.17"]
[Round "6.16"]
[White "Pavlov,Nikolay"]
[Black "Matveenko,Y"]
[Result "0-1"]
[WhiteElo "2013"]
[BlackElo "2151"]

1.Nf3 d5 2.c4 c6 3.b3 Nf6 4.g3 Bg4 5.Bb2 Bxf3 6.exf3 e6 7.Bg2 Be7 8.O-O O-O
9.d3 Na6 10.Qe2 Nd7 11.f4 Bf6 12.d4 Qb6 13.c5 Qd8 14.Rd1 Nc7 15.Nc3 g6 16.Qd3 Bg7
17.Re1 Rb8 18.b4 b6 19.Ba3 bxc5 20.bxc5 Nb5 21.Nxb5 Rxb5 22.Reb1 a6 23.Bf1 Qa5
24.Rb3 Qa4 25.Qc2 Rxb3 26.axb3 Qxd4 27.Rd1 Qc3 28.Qxc3 Bxc3 29.Rc1 Bf6 30.b4 Rb8
31.Bxa6 Ra8 32.b5 Nb8 33.Bb4 Nxa6 34.bxa6 Rxa6 35.Bc3 Bxc3 36.Rxc3 Ra5 37.Kf1 f6
38.Rb3 e5 39.Rb8+ Kf7 40.fxe5 fxe5 41.Rb7+ Kg8 42.Re7 e4 43.h4 Rxc5  0-1

[Event "1st Forni Open"]
[Site "Forni di Sopra ITA"]
[Date "2011.06.18"]
[Round "9"]
[White "Sipos,I"]
[Black "Korneev,O"]
[Result "1/2-1/2"]
[WhiteElo "2423"]
[BlackElo "2573"]

1.Nf3 d5 2.c4 d4 3.b4 g6 4.g3 Bg7 5.d3 e5 6.Bg2 Ne7 7.O-O O-O 8.a4 a5 9.b5 c5
10.Ra2 Ra7 11.e3 dxe3 12.fxe3 b6 13.e4 Rd7 14.Ne1 Rd6 15.Nc3 Nd7 16.Raf2 f6  1/2-1/2